Central Library OPAC University of Rajshahi

The Oedipus tyrannus of Sophocles / (Record no. 22533)

MARC details
000 -LEADER
fixed length control field 00857nam a2200253 a 4500
001 - CONTROL NUMBER
control field 22533
003 - CONTROL NUMBER IDENTIFIER
rucl marc code BD-RjUL
005 - DATE AND TIME OF LATEST TRANSACTION
control field 20211209000822.0
008 - FIXED-LENGTH DATA ELEMENTS--GENERAL INFORMATION
fixed length control field 960801r19661885enk 000 1 eng d
035 ## - SYSTEM CONTROL NUMBER
System control number OCLC 03456436 from gmso61
-- (BD-RjUL)22598
040 ## - CATALOGING SOURCE
Original cataloging agency DLC
Transcribing agency OCP
Modifying agency EQO
-- BD-RjUL
Language of cataloging eng
041 ## - LANGUAGE CODE
Language code of text/sound track or separate title eng
082 00 - DEWEY DECIMAL CLASSIFICATION NUMBER
Classification number 882.2
Author mark and year SOO 1966
100 0# - MAIN ENTRY--PERSONAL NAME
Personal name Sophocles.
9 (RLIN) 69573
245 14 - TITLE STATEMENT
Title The Oedipus tyrannus of Sophocles /
Statement of responsibility, etc. edited with introduction and notes, by Sir Richard Jebb
260 ## - PUBLICATION, DISTRIBUTION, ETC. (IMPRINT)
Place of publication, distribution, etc. Cambridge :
Name of publisher, distributor, etc. University Press,
Date of publication, distribution, etc. 1885 [Reprinted 1966].
300 ## - PHYSICAL DESCRIPTION
Pagination xxxvi, 172 p. ;
Size 19 cm.
500 ## - GENERAL NOTE
General note First edition, 1885 ; 2nd ed 1912
650 07 - SUBJECT ADDED ENTRY--TOPICAL TERM
Topical term or geographic name as entry element Oedipus (Greek mythology) -- Drama.
9 (RLIN) 69574
700 1# - ADDED ENTRY--PERSONAL NAME
Personal name Jebb, R. C.
Fuller form of name (Richard Claverhouse),
Dates associated with a name 1841-1905.
942 ## - ADDED ENTRY ELEMENTS (KOHA)
Source of classification or shelving scheme Dewey Decimal Classification
Koha item type Books
Holdings
Lost status Source of classification or shelving scheme Damaged status Not for loan Permanent Location Current Location Shelving location Date acquired Source of acquisition Cost, normal purchase price Total Checkouts Full call number Date last seen Copy number Koha item type
  Dewey Decimal Classification   Added to bundle Central Library, University of Rajshahi Central Library, University of Rajshahi Reading Room 18/02/1970 Ideal Lib. 16.50   882.2 SOO 1966 08/03/2014 C-1 Books